|
|
|
|
| LEADER |
00000nam a22000007a 4500 |
| 005 |
2012032009299.0 |
| 007 |
cr|||| |||| |
| 008 |
120320s2011 co |||||s|||| 00||0 spa d |
| 020 |
|
|
|a 978-958-648-722-1
|
| 035 |
|
|
|a 6241
|
| 040 |
|
|
|a vLex
|
| 090 |
|
|
|c 3071
|d 3071
|
| 100 |
1 |
|
|a Mora Garca̕, Luis Anb̕al
|
| 245 |
1 |
0 |
|a Gestin̤ logs̕tica en centros de distribucin̤, bodegas y almacenes
|h [Recurso electrn̤ico] /
|c Luis Anb̕al Mora Garca̕
|
| 256 |
|
|
|a Servicio en ln̕ea
|
| 260 |
|
|
|a Bogot ̀:
|b Ecoe ediciones,
|c 2011
|
| 300 |
|
|
|a 1 recurso electrn̤ico
|
| 490 |
0 |
|
|a Ciencias administrativas. Comercio y negocios internacionales
|
| 500 |
|
|
|a Se enfoca en la aplicacin̤ de las mejores prc̀ticas logs̕ticas de clase mundial en gestin̤ logs̕tica en centros de distribucin̤, almacenes y bodegas; cuya adecuada y eficiente aplicacin̤ en los procesos de recibo, almacenamiento, separacin̤, alistamiento y despacho de mercanca̕s constituyen un factor clave de x̌ito para la gestin̤ efectiva y competitividad de las cadenas de abastecimiento y distribucin̤ de las organizaciones modernas. La obra se convierten una valiosa e indispensable consulta para los profesionales involucrados en las operaciones de almacenamiento de las empresas latinoamericanas y est ̀basada en el estudio logs̕tico del autor durante los l︢timos 15 aǫs, incluyendo las herramientas, procesos y tendencias ms̀ exitosas en la gestin̤ de almacenamiento; con la finalidad que las empresas se comparen (Benchmarking) en su sector, mejoren y adopten efectivas prc̀ticas; as ̕de esta manera, poder aportar a la operacin̤ logs̕tica de sus empresas y convertir la administracin̤ de los centros de distribucin̤ en una ventaja competitiva, sostenible y aumentar ostensiblemente el nivel de servicio al cliente interno y externo.
|
| 504 |
|
|
|a Incluye bibliografa̕
|
| 506 |
1 |
|
|a Contenido solo disponible en los productos indicados
|d vLex Global
|d vLex Global (Academic Edition, excluding Law Schools)
|d vLex Global (U.S. Academic Edition, Law Schools)
|d vLex Global (U.S. Academic Edition, excluding Law Schools)
|d vLex Global (Academic Edition, Law Schools)
|
| 650 |
0 |
4 |
|a Gestin̤
|
| 650 |
0 |
4 |
|a Administracin̤
|
| 650 |
0 |
4 |
|a Comercio
|
| 740 |
0 |
|
|a vLex Libros (Servicio en ln̕ea)
|
| 856 |
4 |
0 |
|u http://vlex.com/source/gestion-logistica-centros-distribucion-bodegas-almacenes-6241
|z Acceso restringido
|
| 942 |
|
|
|c BOOK
|
| 999 |
0 |
|
|a Commerce
|
| 999 |
0 |
|
|a Management
|